00821nam a2200205 a 450000100100000000500170001000800410002702000150006804000250008308200180010810000300012624501300015626000470028630000230033353400770035670000340043304900090046795201220047699900170059800002397120200930022618.0110117s1983 ag r 000 0 spa d a0871313499 aDO-SdBNPbspacBNPHU axxxxxxbS438l1 aSeagrave, Sterling94930710aLluvia amarilla :bun viaje a través del terror de la guerra química /cSterling Seagrave ; traducción M. M. Prelooker. aBuenos Aires, Argentina :bTroquel,c1983. a383 p. ;c22.5 cm. aYellow rain. a journey through the terror of chemical warfare.cNew York1 aPrelooker, M. M.,etr.949308 aBNGR 001054708MOaGRbGRcCTd2011-01-17iLF1l0oxxxxxx S438lp23971-10r2020-06-25w2020-06-25y4ZPréstamo en sala c23466d23466